| 000 | 01473cad a22002295a 4500 | ||
|---|---|---|---|
| 001 | L142750 | ||
| 008 | 080305s2008 xxk f 000 0 eng d | ||
| 035 | _a(Sirsi) u142750 | ||
| 041 | 0 | _aeng | |
| 050 | 0 | 4 | _a338.4569 $2 18 |
| 110 | 2 |
_aConstruction Skills Network _95136 |
|
| 245 | 0 | 0 |
_aBlueprint for UK construction skills 2008 to 2012 _h[electronic resource] |
| 260 |
_a[S.l.] _bCITB-ConstructionSkills _c2008 |
||
| 520 | _aForecasts construction output growth of 1.7% per annum over the period 2008-2012, compared to the 2.6% average annual growth predicted for 2007-2011. While the Olympic bid and other high profile construction projects will continue to generate work from 2008, there is likely to be a peak in activity in 2011, followed by a year of little or no growth in 2012. Employment levels are also predicted to peak in 2011, with employment forecast to increase by 7% in total over the period. In real terms output growth across the construction industry by 2012 will have increased by a third since 2000. Compares the different construction sectors and provides forecasts for construction growth and employment prospects across the UK regions. | ||
| 521 | 2 | _aAdvanced | |
| 590 | _aKA | ||
| 650 | 2 | 4 | _aOLYMPIC GAMES 2012 |
| 651 | 4 |
_aUnited Kingdom _y |
|
| 690 | _aBUILT ENVIRONMENT-CONSTRUCTION MARKET | ||
| 856 | 4 | 0 |
_uhttps://www.cskills.org/uploads/UK_LMI_tcm17-5665.pdf _zView the report free of charge at www.constructionskills.net |
| 942 | _n0 | ||
| 999 |
_c107954 _d107954 |
||